000 04879nam a2200421 c 4500
999 _c343501
_d343501
003 BLK
005 20250220124013.0
008 180911b bul|||||r ||||||| ||bul||
010 _a003162
040 _aBLK
041 _aDEU
_cBUL
080 _z936
100 1 _aFilov, Bogdan
_9397193
245 0 0 _aDie Legionen der Provinz Moesia
_cBogdan Filov
246 _aVon Augustus bis auf Diokletian
260 _aLeipzig
_bDieterichische Verlagsbuchhandlung
_c1906
300 _a96 с., 1 л
_bк.
_c29 см
380 _a9
490 _aKlio
490 _aBeitrage zur alten Geschichte
490 _aЧастна колекция - Академик Михаил Арнаудов
_gДарение - Основен фонд
500 _aАвтограф с текст: На Г-на М. Арнаудов за спомен на лайпцигските дни, от автора.
655 _aистория
_9396557
700 1 _aBogdan Filow
_9397259
762 _9409507
_m1
_nТекст: На Г-на М. Арнаудов за спомен на лайпцигските дни, от автора.
_tАвтограф от Богдан Филов
_aПослания на времето
_bАкад. Михаил Арнаудов - послания и дарствени слова
_gАкадемик Михаил Арнаудов е личност със значимо присъствие в българската култура и принос в областта на науката, литературата, фолклора, историята на българското Възраждане, социологията, философията и народопсихологията. Цялото документално и библиотечно наследство на родения в Русе виден учен е национално богатство от изключително значение. Единствено Регионална библиотека „Любен Каравелов“ – Русе притежава колекция от над 1500 книги от личната библиотека на Михаил Арнаудов с автографи, послания и дарствени надписи от български и чужди знакови личности. Зад всеки автограф се крие историята на взаимоотношенията между Академика и неговите съвременници. Тези автографи са неизвестни и неизследвани страници от българското културно наследство.
763 1 _9134147
_aФилов, Богдан
_d10.04.1883 – 02.02.1945
_gБогдан Филов е виден български археолог, историк на изкуството и политик. Следва класическа филология във Вюрцбург и Лайпциг, както и археология и римска история във Фрайбург (Германия). Работи в Народния археологически музей в София. Специализира археология, музейно дело и нумизматика в Бон, Париж и Рим. Поставя началото на методични археологически разкопки в България. Богдан Филов е първият българин директор на Народния археологически музей. Професор по археология и история на изкуството в Софийския университет, декан на Историко-филологическия факултет. Избран е за председател на Българската академия на науките. За своите научни приноси Богдан Филов е избран за почетен, действителен и дописен член на множество институти, академии и др., както и за доктор хонорис кауза на няколко университета. Той е министър-председател на България в 57-то и 58-то правителство (1940 – 1943) и регент на малолетния цар Симеон II (1943 – 1944). Осъден е на смърт от Народния съд и екзекутиран на 2 февруари 1945 г.
_i409507
_m1
_qБогдан Филов
852 _aМА 635
_bМА
942 _cKNG
_n0
_s1
_01
944 _aCR
_c1995
_k30546
_lРенета Константинова
999 _d343501
999 _d343501
999 _d343501
999 _d343501
999 _d343501
999 _d343501
999 _d343501
999 _d343501